000 00375nam a22001457a 4500
020 _a0-440-22900-6
082 _a823
_bMEA/S
100 _aMEAD, ALICE
245 _aSOLDIER MOM
260 _aNEW YORK
_bDELL YEARLING
_c1999
300 _a152
520 _aA single parent is suddenly called to serve in the Persian Gulf War.
650 _aNOVEL
_zUNITED STATES
942 _cBK
999 _c3538
_d3538